Quick Pick: European Cities in Italian Quiz Stats

 Plays Quiz Updated Jul 15, 2018

Challenge
Share
Tweet
Embed
Score 0/15 Timer 01:30
3 Plays Today
% Correct
Francoforte sul Meno
95.6%
Oporto
95.5%
Mosca
95.4%
Londra
95.3%
Tolosa
95.3%
Marsiglia
95.2%
Lipsia
95.1%
Siviglia
94.8%
% Correct
Varsavia
94.2%
Amburgo
92.6%
Anversa
91.2%
Ragusa
87%
Saragozza
86.3%
Stoccarda
82.1%
Stettino
81%

Today's Daily Dose

You're not logged in!

Compare scores with friends on all Sporcle quizzes.
Join for Free
OR
Log In

You Might Also Like...

Show Comments

Extras

Top Quizzes Today


Score Distribution

Your Account Isn't Verified!

In order to create a playlist on Sporcle, you need to verify the email address you used during registration. Go to your Sporcle Settings to finish the process.

Report this User

Report this user for behavior that violates our Community Guidelines.

Details: